LIBRARY & INFORMATION CENTRE, KCAET, TAVANUR

ONLINE PUBLIC ACCESS CATALOGUE (OPAC)

Advanced engineering mathematics / (Record no. 3126)

MARC details
000 -LEADER
fixed length control field 00425cam a2200157ua 4500
082 ## - DEWEY DECIMAL CLASSIFICATION NUMBER
Classification number 519.0624
Item number WYL/AD
100 ## - MAIN ENTRY--AUTHOR NAME
Personal name Wylie, C. Ray .
245 ## - TITLE STATEMENT
Title Advanced engineering mathematics /
250 ## - EDITION STATEMENT
Edition statement 6 /
260 ## - PUBLICATION, DISTRIBUTION, ETC. (IMPRINT)
Place of publication New York :
Name of publisher McGraw Hill Book Company ,
Year of publication 1995.
300 ## - PHYSICAL DESCRIPTION
Number of Pages 1362 ; .
500 ## - GENERAL NOTE
General note 18928, 19143, 19144 CSS
700 1# - ADDED ENTRY--PERSONAL NAME
Personal name Barreti, Louis C.
700 1# - ADDED ENTRY--PERSONAL NAME
Personal name Wylie, Louis C.
942 ## - ADDED ENTRY ELEMENTS (KOHA)
Koha item type Book Bank scheme for SC students
Holdings
Withdrawn status Lost status Damaged status Home library Current library Shelving location Date acquired Full call number Accession Number Koha item type
      KAUAET KAUAET Scheme 07/04/2012 519.624 WYL/AD 19365 Book Bank scheme for SC students
      KAUAET KAUAET Scheme 07/04/2012 519.624 WYL/AD 19144 Book Bank scheme for SC students
      KAUAET KAUAET Scheme 07/04/2012 519.624 WYL/AD 18928 Book Bank scheme for SC students
      KAUAET KAUAET Scheme 07/04/2012 519.624 WYL/AD 19143 Book Bank scheme for SC students
free website counter